Výdavky na zdravotnú starostlivosť USA

Rastúci trend výdavkov na zdravotnú starostlivosť v USA vyjadrených ako percento z HDP, možné opatrenia. Očakávania v budúcnosti

Salvato in:
Dettagli Bibliografici
Autore principale: Dováľová, Gabriela, 1982-
Natura: Capitolo di libro
Lingua:slovacco
Soggetti:
Tags: Aggiungi Tag
Nessun Tag, puoi essere il primo ad aggiungerne!!

MARC

LEADER 00000nla$a2200000$$$4500
001 0110501
005 20240502072224.2
041 0 |a slo 
044 |a SK 
245 1 0 |a Výdavky na zdravotnú starostlivosť USA  |c Gabriela Dováľová 
520 |a Rastúci trend výdavkov na zdravotnú starostlivosť v USA vyjadrených ako percento z HDP, možné opatrenia. Očakávania v budúcnosti 
610 2 0 |a starostlivosť zdravotná 
610 2 0 |a výdavky 
610 2 0 |a limity 
610 2 0 |a USA 
100 1 |a Dováľová, Gabriela, 1982-